000 00256nam a22001097a 4500
005 20230530130424.0
008 230530b |||||||| |||| 00| 0 eng d
022 _a9770972688001
245 _aOPERATIONS MANAGEMENT
260 _bIUP PUBLICATIONS
942 _cJRL
999 _c8310
_d8308